[Event "GBR-ch Soanes op 104th"]
[Site "Llandudno"]
[Date "2017.07.30"]
[Round "5"]
[White "Shore, James R"]
[Black "Dunne, John P"]
[Result "1-0"]
[WhiteElo "1661"]
[BlackElo "1479"]
[PlyCount "57"]
[EventDate "2017.07.28"]
[EventType "swiss"]
[EventRounds "5"]
[EventCountry "WLS"]
[SourceTitle "EXT 2019"]
[Source "ChessBase"]
[SourceDate "2018.10.10"]
[SourceVersion "1"]
[SourceVersionDate "2018.10.10"]
[SourceQuality "1"]

1. g4 d5 2. Bg2 Bxg4 3. c4 c6 4. cxd5 Nf6 5. dxc6 Nxc6 6. Bxc6+ bxc6 7. Nc3 Qc7 8. d3 e6 9. Bd2 Bd6 10. h3 Bf5 11. Nf3 Rd8 12. Rc1 Qb6 13. e4 Bg6 14. e5 Bc5 15. Na4 Bxf2+ 16. Kf1 Bxd3+ 17. Kg2 Qc7 18. Kxf2 Ne4+ 19. Kg2 Bb5 20. Nc5 Nxd2 21. Nxd2 Qxe5 22. Rh2 Qd4 23. Kh1 Rd5 24. a4 Rxc5 25. axb5 Qd5+ 26. Rg2 Rxb5 27. Qc2 0-0 28. Ne4 Rb3 29. Nf6+ 1-0